000
00321nam a2200133Ia 4500
008
090123s9999 xx 000 0 und d
082
_b
22413
245
_a
I A S PRELIMINARY CHEMISTRY
250
_a
0
300
_a
122
630
_a
I A S PRELIMINARY CHEMISTRY
730
_a
I A S PRELIMINARY CHEMISTRY
942
_c
BOOK
999
_c
60485
_d
60485